Religion Quiz

Random Religion Quiz

7 Memory Verses, August 2010 Quiz Stats

 Plays Quiz not verified by Sporcle

Challenge
Share
Tweet
Embed
Score 0/7 Timer 15:00
0 Plays Today
book, chapter, verse, first words NIV scripture % Correct
1 Samuel 3:9 > Speak, Lord, for''Speak, Lord, for your servant is listening.''
98%
Psalm 46:10 > Be still, andBe still, and know that I am God.
95.9%
Isaiah 46:4 > Even to your old''Even to your old age and gray hairs I am he, I am he who will sustain you.''
93.9%
John 8:12 > I am the light''I am the light of the world. Whoever follows me will never walk in darkness, but will have the light of life.''
91.8%
2 Corinthians 1:3 > Praise be toPraise be to the God and Father of our Lord Jesus Christ, the Father of compassion and the God of all comfort.
91.8%
1 John 4:12 > If we loveIf we love one another, God lives in us and his love is made complete in us.
91.8%
Colossians 3:12 > As God's chosenAs God's chosen people, holy and dearly loved, clothe yourselves with compassion, kindness, humility, gentleness, and patience.
89.8%

You're not logged in!

Compare scores with friends on all Sporcle quizzes.
Join for Free
OR
Log In

You Might Also Like...

Show Comments

Extras

Created Aug 1, 2010ReportNominate

Top Quizzes Today


Score Distribution

Your Account Isn't Verified!

In order to create a playlist on Sporcle, you need to verify the email address you used during registration. Go to your Sporcle Settings to finish the process.

Report this User

Report this user for behavior that violates our Community Guidelines.

Details: